<?xml version="1.0" encoding="UTF-8"?>
<record
    xmlns:xsi="http://www.w3.org/2001/XMLSchema-instance"
    xsi:schemaLocation="http://www.loc.gov/MARC21/slim http://www.loc.gov/standards/marcxml/schema/MARC21slim.xsd"
    xmlns="http://www.loc.gov/MARC21/slim">

  <leader>01078nam a2200277   4500</leader>
  <controlfield tag="003">OSt</controlfield>
  <controlfield tag="005">20260601193850.0</controlfield>
  <controlfield tag="008">260508b1988    mx a|||| |||| 00| 0 spa d</controlfield>
  <datafield tag="040" ind1=" " ind2=" ">
    <subfield code="a">ICI</subfield>
    <subfield code="b">spa</subfield>
    <subfield code="c">ICI</subfield>
  </datafield>
  <datafield tag="050" ind1=" " ind2="1">
    <subfield code="a">F1391.S23</subfield>
    <subfield code="b">S26 1988</subfield>
  </datafield>
  <datafield tag="245" ind1=" " ind2="1">
    <subfield code="a">Santa Clara del Cobre, Michoac&#xE1;n, M&#xE9;xico.</subfield>
  </datafield>
  <datafield tag="264" ind1=" " ind2=" ">
    <subfield code="b">Compa&#xF1;&#xED;a Minera de Cananea,</subfield>
    <subfield code="c">1988.</subfield>
    <subfield code="a">M&#xE9;xico :</subfield>
  </datafield>
  <datafield tag="300" ind1=" " ind2=" ">
    <subfield code="a">91 p&#xE1;ginas</subfield>
    <subfield code="c">25cm</subfield>
  </datafield>
  <datafield tag="336" ind1=" " ind2=" ">
    <subfield code="a">texto</subfield>
    <subfield code="2">rdacontent</subfield>
  </datafield>
  <datafield tag="337" ind1=" " ind2=" ">
    <subfield code="a">sin medio</subfield>
    <subfield code="2">rdamedia</subfield>
  </datafield>
  <datafield tag="338" ind1=" " ind2=" ">
    <subfield code="a">volumen</subfield>
    <subfield code="2">rdacarrier</subfield>
  </datafield>
  <datafield tag="500" ind1=" " ind2=" ">
    <subfield code="a">Publicaci&#xF3;n descriptiva e hist&#xF3;rica sobre Santa Clara del Cobre, Michoac&#xE1;n.</subfield>
  </datafield>
  <datafield tag="650" ind1=" " ind2=" ">
    <subfield code="a">Artesan&#xED;as del cobre</subfield>
    <subfield code="z">M&#xE9;xico</subfield>
    <subfield code="z">Michoac&#xE1;n.</subfield>
    <subfield code="9">32116</subfield>
  </datafield>
  <datafield tag="650" ind1=" " ind2=" ">
    <subfield code="a">Industria minera</subfield>
    <subfield code="x">Historia.</subfield>
    <subfield code="z">M&#xE9;xico</subfield>
    <subfield code="9">32117</subfield>
  </datafield>
  <datafield tag="650" ind1=" " ind2=" ">
    <subfield code="a">Artesan&#xED;as del cobre</subfield>
    <subfield code="z">M&#xE9;xico</subfield>
    <subfield code="z">Michoac&#xE1;n.</subfield>
    <subfield code="9">32116</subfield>
  </datafield>
  <datafield tag="650" ind1=" " ind2=" ">
    <subfield code="a">Industria minera</subfield>
    <subfield code="x">Historia.</subfield>
    <subfield code="z">M&#xE9;xico</subfield>
    <subfield code="9">32117</subfield>
  </datafield>
  <datafield tag="651" ind1=" " ind2=" ">
    <subfield code="a">Santa Clara del Cobre (Michoac&#xE1;n, M&#xE9;xico)</subfield>
    <subfield code="x">Historia.</subfield>
    <subfield code="9">32118</subfield>
  </datafield>
  <datafield tag="651" ind1=" " ind2=" ">
    <subfield code="a">Santa Clara del Cobre (Michoac&#xE1;n, M&#xE9;xico)</subfield>
    <subfield code="x">Descripci&#xF3;n y viajes.</subfield>
    <subfield code="9">32119</subfield>
  </datafield>
  <datafield tag="651" ind1=" " ind2=" ">
    <subfield code="a">Michoac&#xE1;n</subfield>
    <subfield code="x">Historia local.</subfield>
    <subfield code="9">32120</subfield>
  </datafield>
  <datafield tag="942" ind1=" " ind2=" ">
    <subfield code="2">lcc</subfield>
    <subfield code="c">B</subfield>
    <subfield code="n">1</subfield>
  </datafield>
  <datafield tag="999" ind1=" " ind2=" ">
    <subfield code="c">21809</subfield>
    <subfield code="d">21809</subfield>
  </datafield>
  <datafield tag="952" ind1=" " ind2=" ">
    <subfield code="0">0</subfield>
    <subfield code="1">0</subfield>
    <subfield code="2">lcc</subfield>
    <subfield code="4">0</subfield>
    <subfield code="7">0</subfield>
    <subfield code="a">BDIMFM</subfield>
    <subfield code="b">BDIMFM</subfield>
    <subfield code="d">2026-05-08</subfield>
    <subfield code="l">0</subfield>
    <subfield code="o">F1391.S23 S26 1988</subfield>
    <subfield code="p">BDIMFM000921</subfield>
    <subfield code="r">2026-05-08 18:41:00</subfield>
    <subfield code="t">Ej.1</subfield>
    <subfield code="w">2026-05-08</subfield>
    <subfield code="y">B</subfield>
  </datafield>
</record>
